लोड हो रहा है...

Public finance in theory and practice

ग्रंथसूची विवरण
मुख्य लेखक: Musgrave, P.B
अन्य लेखक: Musgrave, R.A
स्वरूप: Printed Book
भाषा:Undetermined
English
प्रकाशित: New Delhi Mc graw Hill 1980
संस्करण:3
विषय:
LEADER 00646nam a2200217Ia 4500
008 140306s9999 xx 000 0 und d
041 |a eng 
082 |a 336  |b MUS/PU 
100 |a Musgrave, P.B 
700 |a Musgrave, R.A 
245 |a Public finance in theory and practice 
250 |a 3 
260 |a New Delhi  |b Mc graw Hill  |c 1980 
300 |a 841 
365 |b rs.168.20 
650 |a Tax equity 
650 |a Tax incidence 
650 |a Taxation 
942 |2 ddc  |c BK 
999 |c 114306  |d 114306 
952 |0 0  |1 0  |2 ddc  |4 0  |6 336_000000000000000_MUSPU  |7 0  |9 112331  |a KAUHCV  |b KAUHCV  |d 2004-04-21  |g 168.20  |o 336 MUS/PU  |p KAU_HCV-17965  |r 2014-03-22  |w 2014-03-22  |y BK